Statistics for Danish Monarchs

Click here to take the quiz!

General Stats

  • This quiz has been taken 282 times
    (41 since last reset)
  • The average score is 38 of 54

Answer Stats

HintAnswer% Correct
1448-1481Christian I
97%
1513-1523Christian II
97%
1534-1559Christian III
97%
1588-1648Christian IV
97%
1863-1906Christian IX
97%
1670-1699Christian V
97%
1730-1746Christian VI
97%
1766-1808Christian VII
97%
1839-1848Christian VIII
97%
1912-1947Christian X
97%
1523-1533Frederick I
90%
1559-1588Frederick II
90%
1648-1670Frederick III
90%
1699-1730Frederick IV
90%
1947-1972Frederick IX
90%
1746-1766Frederick V
90%
1808-1839Frederick VI
90%
1848-1863Frederick VII
90%
1906-1912Frederick VIII
90%
2024-Frederick X
90%
958-986Harald I Bluetooth
90%
1014-1018Harald II
86%
1074-1080Harald III Hen
86%
1387-1412Margaret I
86%
1972-2024Margaret II
86%
-958Gorm the Old
76%
1080-1086Cnut III the Holy
66%
1018-1035Cnut I the Great
66%
1146-1157Cnut IV
66%
1182-1202Cnut V
66%
1035-1042Harthacnut II
66%
1326-1330Valdemar III
62%
1202-1241Valdemar II the Victorious
62%
1157-1182Valdemar I the Great
62%
1340-1375Valdemar IV Atterdag
62%
1086-1095Olaf I
55%
1375-1387Olaf II
55%
986-1014Sweyn I Forkbeard
55%
1047-1074Sweyn II Estridsson
55%
1146-1157Sweyn III Grathe
55%
1137-1146Eirc III Lamb
52%
1095-1103Eric I Evergood
52%
1134-1137Eric II Emune
52%
1241-1250Eric IV Ploughpenny
52%
1396-1439Eric VII of Pomerania
52%
1286-1319Eric VI Menved
52%
1259-1286Eric V Klipping
52%
1481-1513Hans
45%
1252-1259Christopher I
38%
1319-1326Christopher II
38%
1439-1448Christopher III of Bavaria
38%
1042-1047Magnus I
38%
1103-1134Niels
31%
1250-1252Abel
28%

Score Distribution

Percentile by Number Answered

Percent of People with Each Score

Your Score History

You have not taken this quiz since the last reset